000 00591nam a22001937a 4500
999 _c8372
_d8372
008 201117b ||||| |||| 00| 0 eng d
040 _aBMS College of Architecture
100 _aB,Rashmie
245 _aThe seventh art film institute and production studios
300 _a45p.
500 _a1BM15AT078
502 _8B,Arch
_NBMS College of Architecture, Visvesvaraya Technological University (VTU)
_aProject report
_d2019
650 _a Film
650 _aInstitute
650 _aStudios
700 _aDakshayini R Patil
_eGuide
700 _aAdithya Kiran T
_eGuide
942 _2ddc
_cTHE